000 01144naa a22003017a 4500
001 BR7603170
003 BR-BrBNA
005 20240918173854.0
007 ta
008 230509b bl.||||| |||| 00| 0 por d
040 _aBR-BrBNA
_bpor
_cBiblioteca Nacional de Agricultura
041 _a(Pt)
072 _aF23; F22
_b/G514
090 _aF23 BR7603170
100 1 _aCerri, C.C.
111 1 _a15. Congresso Brasileiro de Ciencia do Solo
_cCampinas, SP (Brazil)
_d14 Jul 1975
245 1 _aAlteracao do granito de Itu: comportamento geoquimico dos principais elementos [Horizonte; Perfil do solo; Analise quimica; Sao Paulo; Brasil]
260 3 _aCampinas, SP (Brasil):
_c1976.
500 _aAnais do 15. Congresso Brasileiro de Ciencia do Solo Campinas, SP (Brasil): 1976. p. 417-421 (BR7603170-AM)F23
650 _aHORIZONTE
650 _aPERFIL DO SOLO
650 _aANALISE QUIMICA
650 _aSOLO DE GRANITO
650 _aSAO PAULO
773 0 _tAnais do 15. Congresso Brasileiro de Ciencia do Solo
_wF23 BR7603170
_gCampinas, SP (Brasil), 1976. p. 417-421
909 _a202404
_bLucia
_c55
_dLucia Elande
942 _cAM
_2AGRIS
999 _c307399
_d307399